1556 1750 1821 1222 1260 1962 1215 1392 1434 1103 1670 1730 1816 1751 1653 1946 1984 1596 1111 1758 1202 1250 1585 1972 1849 1219 1734 1106 1485 1729 1191 1347 1369 1979 1760 1852 1455 1380 1746 1058 1426 1113 1226 1710 1076 1849 1113 1443 1138 1964 1158 1861 1919 1654 1592 1259 1991 1178 1592 1928 1328 1937 1973 1926 1801 1009 1706 1573 1110 1289 1939 1720 1922 1146 1788 1182 1851 1558 1499 1936 1373 1259 1815 1703 1058 1626 1541 1927 1244 1977 1147 1148 1279 1822 1190 1077 1702 1642 1168 BCNSPRNW ULIB Ver.6.0+V

เปลี่ยนเป็นภาษาไทย

Change to English
 แสดงรายละเอียดบรรณานุกรม
  กลับหน้าหลัก

Brief Record : Get Marc (ISO 2709) : E-mail record : QR code < ปิดหน้าต่าง
LEADER : 00000nam 2200000uu 4500
001    13399125292
003     ULIB
008    170330s2559||||th 000 0 tha d
020    ^a9786160826568
060    ^aWK810 ^bห334ช
100    ^aหลิน,เจียหง
245    ^aชีวิตยังหวานของคนเบาหวาน
260    ^aกรุงเทพมหานคร :^bซีเอ็ดยูเคชั่น,^c2559
300    ^a256 หน้า
650    ^aเบาหวาน
945    ^p0^l0^i001829
945    ^p0^l0^i001830
999    ^aวรรณษา ชูชัยมงคล
รายการนี้ยังไม่มีแท็ก
คุณยังไม่ได้ล็อกอิน คุณสามารถมีกิจกรรมร่วมกับเว็บไซต์ได้ แต่ต้องล็อกอินก่อน ::
  ล็อกอิน

รายการสื่อสารสนเทศ

ลำดับที่ ประเภท เลขเรียก/บาร์โค้ด สถานที่ สถานะ
1. วิทยาศาสตร์การแพทย์ และสุขภาพ
วิทยาศาสตร์การแพทย์ และสุขภาพ
สถานะ=หนังสือเก่า
WK810 ห334ช ฉ.1 
  Barcode: 001829
ห้องสมุดวิทยาเขตสวรรค์ประชารักษ์
►ส่วนจัดเก็บหนังสือเก่า สปร
บนชั้น
  ขอยืม
2. วิทยาศาสตร์การแพทย์ และสุขภาพ
วิทยาศาสตร์การแพทย์ และสุขภาพ
WK810 ห334ช ฉ.2 
  Barcode: 001830
ห้องสมุดวิทยาเขตสวรรค์ประชารักษ์
►หนังสือทั่วไป
บนชั้น

รายการใกล้เคียง
    ชื่อเรื่อง [ชีวิตยังหวานของคนเบาหวาน]

    หัวเรื่อง [เบาหวาน]

BibComment


ยังไม่เคยถูกคอมเมนท์

คอมเมนท์ทรัพยากรรายการนี้
  คอมเมนท์: ชีวิตยังหวานของค..


 Copyright 2026. Bcnsprnw @Library